| 000 | 00900nam a2200229Ia 4500 | ||
|---|---|---|---|
| 001 | 17184 | ||
| 003 | GE_BSU | ||
| 008 | 181216s||||||||xx |||||||||||||| ||und|| | ||
| 040 | _cGE_BSU | ||
| 080 | _a821.161.1-31 | ||
| 100 | _aოკუჯავა, ბულატ | ||
| 245 | _aთავისუფლების ერთი ყლუპი | ||
| 245 | _bრომანი | ||
| 245 | _cსაქ. მწერ. კავშ. არსებ. მხატვრ. თარგმანისა და ლიტ. ურთიერთ. მთ. სარედ. კოლ. ; თარგმნ.: მ. გელაშვილისა | ||
| 260 | _aთბილისი | ||
| 260 | _bმერანი | ||
| 260 | _c1984 | ||
| 300 | _a308გვ. ; 20სმ. | ||
| 653 | _aთავისუფლების ერთი ყლუპი | ||
| 653 | _aრომანი | ||
| 942 | _cBK | ||
| 999 |
_c50246 _d50246 |
||